01262pab a2200157 454500008004000000100001900040245011600059260000900175300001400184362000800198520082300206650002801029650002001057650001301077773001401090180718b2000 xxu||||| |||| 00| 0 eng d aMuggah, H.C.R. aConflict-induced displacement and involuntary resettlement in Colombia: putting Cernea's IRLR model to the test c2000 ap.198-216 aSep aThis paper tests Cernea's (1997) impoverishment risks and livelihood reconstruction (IRLR) model in cases of conflict-induced displacement (CID). In applying the model to a situation involving internal conflict, the article illustrates the particular problems encountered by internally displaced people (IDPs) and policymakers charged to respond to them. The article searches for local interpretations of CID and resettlement through a comparative profile of two IDP settlements in Colombia: one urban, the other rural. It concludes that the IRLR model, when contextualised, provides a useful tool to identify and categorise risks of impoverishment and resettlement priorities. At the same time, however, the article demonstrates that the model insufficiently captures the root causes or causality of CID. - Reproduced aResettlement - Colombia aPoor - Colombia aRefugees aDisasters